150 suosituinta miesten nimeä alkukirjaimella N - Statistics

Yleistilastot
  • Tätä visaa on pelattu 79 kertaa
  • Keskiarvotulos 49 / 150
Vastaustilastot
% Oikein
Nii
98%
Nico
96%
Niko
96%
Nilo
92%
Niilo
91%
Nicola
87%
Nikola
87%
Nichlas
83%
Nicklas
83%
Niclas
83%
Niklas
83%
Noa
79%
Noah
79%
Nooa
79%
Nestor
77%
Nestori
77%
Nicholas
77%
Nickolas
77%
Nicolas
77%
Nicolás
77%
Nikolas
77%
Nicke
74%
Nikke
74%
Nicolae
72%
Nicolai
72%
Niila
72%
Nikolai
72%
Nikolaj
72%
Nikolay
72%
Noe
68%
Noé
68%
Noel
68%
Noël
68%
Nooe
68%
Nuuti
68%
Nuutti
68%
Nici
62%
Nicky
62%
Niki
62%
Niels
60%
Nils
60%
Noor
60%
Nor
60%
Nour
60%
Nur
60%
Nuur
60%
Nemo
53%
Nalle
51%
Neeo
51%
Neo
51%
Nic
49%
Nick
49%
Nyyrikki
45%
Nikki
40%
Nino
40%
Norman
40%
Naatan
34%
Natan
34%
Nathan
34%
Nicodemus
30%
Nikita
30%
Nikodeemus
30%
Nikodemus
30%
Nisse
30%
Natanael
26%
Nataniel
26%
Nathanael
26%
Nathaniel
26%
Niillas
26%
Niilas
25%
Niko-Petteri
25%
Nio
25%
Nipa
25%
Nicolaus
23%
Niiles
23%
Niklaus
23%
Nikolaos
23%
Nikolaus
23%
Neil
19%
Nikko
19%
Nolan
17%
Noori
17%
Nori
17%
Nova
17%
Nehemia
15%
Nehemias
15%
Nelson
15%
Nam
13%
Nate
13%
Nils-Erik
13%
Naim
11%
Najm
11%
Nikanor
11%
Niku
11%
Nilla
11%
Niro
11%
Norbert
11%
Naser
9%
Nasir
9%
Nasser
9%
Neville
9%
Noak
9%
Nader
8%
Nadir
8%
Nasim
8%
Nassim
8%
Nima
8%
Noeli
8%
Nuno
8%
Naava
6%
Napoleon
6%
Nikos
6%
Nuh
6%
Nuka
6%
Naji
4%
Nana
4%
Nazar
4%
Nazir
4%
Nietos
4%
Nigel
4%
Nizar
4%
Noam
4%
Nuuk
4%
Nadeem
2%
Nadim
2%
Nali
2%
Nedim
2%
Noar
2%
Noman
2%
Noureddine
2%
Nuri
2%
Nabeel
0%
Nabiil
0%
Nabil
0%
Nael
0%
Nahuel
0%
Najib
0%
Nando
0%
Nandor
0%
Nante
0%
Narayan
0%
Navid
0%
Nesta
0%
Nghia
0%
Ngoc
0%
Nhan
0%
Nhat
0%
Nhut
0%
Nihad
0%
Nooke
0%
Ehtoja vastaavia visoja ei löytynyt
Tulosjakauma
Jokaisen tuloksen saaneiden osuus
Persentiili vastausten määrän mukaan
Tuloshistoriasi
Et ole pelannut tätä visaa